| 000 | 00519nam a2200169Ia 4500 | ||
|---|---|---|---|
| 003 | GCL | ||
| 008 | 140319s9999 xx 000 0 ara d | ||
| 040 |
_aGCL / _cGCL |
||
| 082 | 0 | 4 |
_aد _b050 |
| 100 | 1 | _aلمعى المطيعى | |
| 245 | 1 | 0 |
_aلماذا الاشتراكية العربية ( 243 ) / _cلمعى المطيعى |
| 300 | _a94 ص | ||
| 490 |
_aوثائق ونصوص _v0 |
||
| 650 | 0 | 4 | _aالمذاهب الاقتصادية |
| 650 | 0 | 4 | _aالاشتراكية - العالم العربى |
| 942 |
_2ddc _cCF |
||
| 999 |
_c27372 _d27372 |
||